000
00245nam a2200097Ia 4500
005
20251222114405.0
008
251222s1900||||xx |||||||||||||| ||spa||
082
_a
DVD0070/R71/1995
245
0
_a
Mientras estés conmigo:Dead Man Walking
942
_c
DVD
999
_c
1799
_d
1799